000 00285nam a22001337a 4500
008 181122b xxu||||| |||| 00| 0 eng d
020 _a9780023981203
041 _aeng
080 _a370
100 _a49
101 _aEDU
245 _aWriting Arguments
_cJohn.R
942 _2udc
_cBK
999 _c52390
_d52390